[Event "POL-ch Rapid U18"]
[Site "Bydgoszcz"]
[Date "2023.08.29"]
[Round "4"]
[White "Brzezina, Piotr"]
[Black "Malecki, Patryk"]
[Result "1-0"]
[WhiteElo "1708"]
[BlackElo "1458"]
[PlyCount "113"]
[EventDate "2023.08.28"]
[EventType "swiss"]
[EventRounds "11"]
[EventCountry "POL"]
[SourceTitle "EXT 2024"]
[Source "ChessBase"]
[SourceDate "2023.10.10"]
[SourceVersion "1"]
[SourceVersionDate "2023.10.10"]
[SourceQuality "1"]

1. d4 Nf6 2. c4 e6 3. Nc3 Bb4 4. f3 0-0 5. a3 Bxc3+ 6. bxc3 b6 7. e4 d6 8. Bg5 e5 9. d5 h6 10. Bh4 Ba6 11. Nh3 Nbd7 12. Be2 Rc8 13. 0-0 c6 14. Rc1 cxd5 15. cxd5 Bxe2 16. Qxe2 Qc7 17. Nf2 Qc4 18. Qd2 b5 19. Nd1 Qc5+ 20. Ne3 Qxa3 21. Nf5 Kh7 22. Bf2 Nb6 23. Bxb6 axb6 24. Rb1 Qc5+ 25. Kh1 Nd7 26. Rb3 Ra8 27. Rfb1 Ra5 28. h3 Rfa8 29. Qd3 Ra3 30. Qxb5 Qxb5 31. Rxb5 Rxc3 32. Nxd6 Ra2 33. Nxf7 Rcc2 34. Rg1 Kg6 35. Nd6 Kg5 36. Nf5 g6 37. Ne3 Re2 38. Nc4 Kh4 39. d6 Kg3 40. Nxb6 Nxb6 41. Rxb6 Rxg2 42. Rxg2+ Rxg2 43. Rb5 Rd2 44. Rd5 Rh2+ 45. Kg1 Ra2 46. Kf1 Kxf3 47. Ke1 Kxe4 48. d7 Kxd5 49. d8Q+ Ke4 50. Qf6 Ra1+ 51. Kd2 Ra2+ 52. Kc1 Ra3 53. Qxg6+ Kd5 54. Qxh6 e4 55. Qg5+ Kd4 56. Qf6+ Kc4 57. Qe6+ 1-0